Themed General Knowledge Questions #12 - Statistics

General Stats
  • This quiz has been taken 34 times
  • The average score is 6 of 10
Answer Stats
Question Answer % Correct
What is the only metal element of the periodic table to be liquid at room temperature and under normal pressure Mercury
94%
Which of these flavours are not in Neapolitan ice cream? Cookies and cream
91%
Which classical composer wrote the 'Four Seasons'? Vivaldi
88%
Who is the longest-reigning English monarch? Queen Elizabeth II
84%
Which of these books are not by Jane Austen? Jane Eyre
69%
Fill the blank: 'Axolotls are also known as Mexican _______ fish.' Walking
66%
Which of these books are in the New Testament? James
56%
What is the name of the type of cloud that is wispy, and commonly appears on hot days? Cirrus
47%
Click on the true statement below: Multiples of five will always have a five or zero in the ones digit
38%
In which of these country does the equator pass through? Uganda
16%
No matching quizzes found
Score Distribution
Percent of People with Each Score
Percentile by Number Answered
Your Score History
You have not taken this quiz